ბათუმის შოთა რუსთაველის სახელმწიფო უნივერსიტეტის ბიბლიოთეკა

First drop of crimson / (ბიბ.ჩანაწერი № 45234)

000 -LEADER
fixed length control field 00617nam a2200217Ia 4500
001 - CONTROL NUMBER
control field 12057
003 - CONTROL NUMBER IDENTIFIER
control field GE_BSU
005 - DATE AND TIME OF LATEST TRANSACTION
control field 20221118165255.0
008 - FIXED-LENGTH DATA ELEMENTS--GENERAL INFORMATION
fixed length control field 181216s2010en xx |||||||||||||| ||eng||
020 ## - INTERNATIONAL STANDARD BOOK NUMBER
International Standard Book Number 9780061583223x
040 ## - CATALOGING SOURCE
Transcribing agency GE_BSU
041 ## - LANGUAGE CODE
Language code of text/sound track or separate title eng
080 ## - UNIVERSAL DECIMAL CLASSIFICATION NUMBER
Universal Decimal Classification number 821.111-32 F-94
100 ## - MAIN ENTRY--PERSONAL NAME
Personal name Frost, Jeaniene
9 (RLIN) 15946
245 ## - TITLE STATEMENT
Title First drop of crimson /
Statement of responsibility, etc. Jeaniene Frost.
264 ## - PRODUCTION, PUBLICATION, DISTRIBUTION, MANUFACTURE, AND COPYRIGHT NOTICE
Place of production, publication, distribution, manufacture New York :
Name of producer, publisher, distributor, manufacturer An imprint of Harper Collins publishers,
Date of production, publication, distribution, manufacture, or copyright notice 2010.
300 ## - PHYSICAL DESCRIPTION
Extent 371p.:
Other physical details 18 cm.
653 ## - INDEX TERM--UNCONTROLLED
keyword First drop of crimson
653 ## - INDEX TERM--UNCONTROLLED
keyword ჟოლოს პირველი წვეთი
942 ## - ADDED ENTRY ELEMENTS (KOHA)
Koha item type წიგნი
Source of classification or shelving scheme
ეგზემპლარები
Withdrawn status Lost status Source of classification or shelving scheme Damaged status Not for loan Permanent Location Current Location Shelving location Date acquired Full call number Barcode Date last seen Copy number Price effective from Koha item type
          ბათუმის შოთა რუსთაველის სახელმწიფო უნივერსიტეტის მთავარი ბიბლიოთეკა ბათუმის შოთა რუსთაველის სახელმწიფო უნივერსიტეტის მთავარი ბიბლიოთეკა წიგნსაცავი 2018-12-17 821.111-32 F-94 35759 2018-12-17 35759 2018-12-17 წიგნი